ბათუმის შოთა რუსთაველის სახელმწიფო უნივერსიტეტის ბიბლიოთეკა

Создавая спрос: Эффективные советы и рекомендации по маркетингу ваших товаров и услуг (ბიბ.ჩანაწერი № 37029)

000 -LEADER
fixed length control field 00985nam a2200277Ia 4500
001 - CONTROL NUMBER
control field 2983
003 - CONTROL NUMBER IDENTIFIER
control field GE_BSU
008 - FIXED-LENGTH DATA ELEMENTS--GENERAL INFORMATION
fixed length control field 181216s||||||||xx |||||||||||||| ||und||
020 ## - INTERNATIONAL STANDARD BOOK NUMBER
International Standard Book Number 590085937
040 ## - CATALOGING SOURCE
Transcribing agency GE_BSU
080 ## - UNIVERSAL DECIMAL CLASSIFICATION NUMBER
Universal Decimal Classification number 658
100 ## - MAIN ENTRY--PERSONAL NAME
Personal name Отт, Ричард
245 ## - TITLE STATEMENT
Title Создавая спрос: Эффективные советы и рекомендации по маркетингу ваших товаров и услуг
245 ## - TITLE STATEMENT
Remainder of title Creating Demand
245 ## - TITLE STATEMENT
Statement of responsibility, etc. пер. с англ. А. И. Меркурьев; ред. О.В. Джишкариани
260 ## - PUBLICATION, DISTRIBUTION, ETC.
Place of publication, distribution, etc. Москва
260 ## - PUBLICATION, DISTRIBUTION, ETC.
Name of publisher, distributor, etc. Информационно-издательский дом "Филинъ",
260 ## - PUBLICATION, DISTRIBUTION, ETC.
Date of publication, distribution, etc. 1997
300 ## - PHYSICAL DESCRIPTION
Extent 320 с. 20 см.
653 ## - INDEX TERM--UNCONTROLLED
Uncontrolled term рекомендации по маркетингу
653 ## - INDEX TERM--UNCONTROLLED
Uncontrolled term Создавая спрос
653 ## - INDEX TERM--UNCONTROLLED
Uncontrolled term Эффективные советы
653 ## - INDEX TERM--UNCONTROLLED
Uncontrolled term მარკეტინგი
942 ## - ADDED ENTRY ELEMENTS (KOHA)
Koha item type წიგნი
ეგზემპლარები
Withdrawn status Lost status Damaged status Not for loan Date acquired Barcode Date last seen Price effective from Koha item type Public note
        2018-12-17 8045 2018-12-17 2018-12-17 წიგნი დარბაზი
        2018-12-17 8046 2018-12-17 2018-12-17 წიგნი დარბაზი
        2018-12-17 8047 2018-12-17 2018-12-17 წიგნი დარბაზი